000 00420nam a2200145 a 4500
001 000031540
005 20200930063012.0
008 110627s2009 dr a 000 0 spa d
040 _aDO-SdBNP
_bspa
_cBNPHU
110 1 _aDirección General de Impuestos Internos
_957904
245 1 0 _aConstruyamos un mejor país.
260 _aSanto Domingo :
_bEdiciones Tributaria,
_c2009.
300 _a12 p. ;
_c18 cm.
049 _aBNPD
999 _c31032
_d31032